000 00982cab a2200205 4500
001 ##L134117
008 060711n2006 000 0 eng u
035 _a(Sirsi) u134117
041 0 _aeng
100 1 _aMorris, Huw
245 0 0 _aPlanners hit out at application quality
260 _c2006
490 0 _aPlanning (for the Natural and Built Environment)
_v(1675) 30 June 2006, 14-16(3)
520 _aNearly one in five planners find most applications for housing projects of 10 homes or more poorly or very poorly presented according to a joint poll of planners by "Planning" and the Royal Town Planning Institute. Planners find that guidance and keynote policy statements are still ignored by developers. Summarises the findings of the survey.
590 _aIKA180706
650 2 4 _aPLANNING POLICY STATEMENT ONE
651 4 _aEngland
_y886-
690 _aENVIRONMENTAL AND LAND CONSULTANCY-PLANNING AND DEVELOPMENT-DEVELOPMENT CONTROL-PLANNING APPLICATIONS
942 _n0
999 _c77377
_d77377